00368nam a22001577a 4500003000400000008004100004020001800045082001400063100002300077245002900100250000900129260002400138300001100162650001700173700002000190OSt250203b |||||||| |||| 00| 0 eng d a9789354667510 a615.1 KUG aKumar, Anoop. (Ed) aGlobal Pharmacovigilance a2nd  aN.DbCBS Pub.c2025 axx,148 aPharmacology aSharma, Ruchika